| Registos Bibliográficos associados ao registo de autoridade |
|
Etiqueta de registo: 00269nam 2200145 450 001 1563303 003 http://id.bnportugal.gov.pt/bib/catbnp/1563303 100 ## $a20070221d1838 m y0pory01030103ba 101 1# $aita$apor 102 ## $aPT 105 ## $ay z 000iy 106 ## $ar 200 1# $a Os salteadores$emelodrama serio em 3 partes 210 #9 $aLisboa$cTypographia Lisbonense,$d1838 215 ## $a103 p.$d15 cm 300 ## $aNa folha de rosto: 'Para se representar no Real Theatro de S. Carlos em 16 de Setembro
faustissimo dia do anniversario do nascimento de S. A. R. o Sr. D. Pedro. principe
de Portugal' 300 ## $aPersonagens: Maximiliano, Ermano, Corrado, Amelia d'Edetreich, Theresa, Bertrando,
Rollero 305 ## $aEd. bilingue em italiano e português 307 ## $aAssin.: 1-6//8, 7//4 316 ## $aPrimeiro fólio solto$5PTBN: C.N. 83 P. 317 ## $aConservatório Nacional$5PTBN: C.N. 82 P.-C.N. 83 P. 317 ## $aTeatro de São Carlos$5PTBN: T.S.C. 1211 P. 317 ## $aIPPC, Departamento de Musicologia$5PTBN: M. 3036 P. 500 11 $a I briganti.$nLibreto 601 02 $aTeatro de São Carlos$j[Libretos]$2SIPOR$31264404 606 ## $aÓperas$j[Libretos]$2SIPOR$31158641 620 ## $dLisboa 675 ## $a78.089.1$vBN$zpor$3506605 675 ## $a82-293$vBN$zpor$3488282 700 #1 $aCrescini,$bJacopo,$f1798-1848$31270342 701 #1 $aMercadante,$bSaverio,$f1795-1870$4230$399163 702 #1 $aSchiller,$bFriedrich,$f1759-1805$4100$362879 712 02 $aTipografia Lisbonense$4610$398275 712 01 $aPortugal.$bConservatório Nacional.$bEscola de Música$4390$31172174 712 01 $aPortugal.$bTeatro Nacional de São Carlos$4390$315629 712 01 $aPortugal.$bInstituto Português do Património Cultural.$bDepartamento de Musicologia$4390$3285717 801 #0 $aPT$bBN$gRPC 856 40 $2Cópia digital disponível em Internet Archive$uhttps://archive.org/details/ossalteadoresmel00merc 966 ## $lBN$mMUSICA$sC.N. 82 P. $x6 966 ## $lBN$mMUSICA$sC.N. 83 P. $x6 966 ## $lBN$mMUSICA$sM. 3036 P.$x7 966 ## $lBN$mMUSICA$sT.S.C. 1211 P.$x6 976 ## $d20260528$rmemarques 997 ## $aBIBEOD
|
|
|